Smart Quintuple Helix Innovation Systems : (Record no. 1676)

MARC details
000 -LEADER
fixed length control field 04181cam a22006135i 4500
001 - CONTROL NUMBER
control field data
005 - DATE AND TIME OF LATEST TRANSACTION
control field 20260322212112.0
006 - FIXED-LENGTH DATA ELEMENTS--ADDITIONAL MATERIAL CHARACTERISTICS
fixed length control field data
007 - PHYSICAL DESCRIPTION FIXED FIELD--GENERAL INFORMATION
fixed length control field data
008 - FIXED-LENGTH DATA ELEMENTS--GENERAL INFORMATION
fixed length control field data
035 ## - SYSTEM CONTROL NUMBER
System control number 21733745
010 ## - LIBRARY OF CONGRESS CONTROL NUMBER
LC control number 2019751461
020 ## - INTERNATIONAL STANDARD BOOK NUMBER
International Standard Book Number 9783030015176
024 7# - OTHER STANDARD IDENTIFIER
Standard number or code 10.1007/978-3-030-01517-6
Source of number or code doi
035 ## - SYSTEM CONTROL NUMBER
System control number (DE-He213)978-3-030-01517-6
040 ## - CATALOGING SOURCE
Original cataloging agency DLC
Language of cataloging eng
Description conventions rda
-- rda
Transcribing agency DLC
072 #7 - SUBJECT CATEGORY CODE
Subject category code BUS087000
Source bisacsh
072 #7 - SUBJECT CATEGORY CODE
Subject category code KJMV6
Source bicssc
072 #7 - SUBJECT CATEGORY CODE
Subject category code KJMV6
Source thema
072 #7 - SUBJECT CATEGORY CODE
Subject category code PDG
Source thema
082 04 - DEWEY DECIMAL CLASSIFICATION NUMBER
Classification number 658.514
Edition information 23
097 00 -
-- HD28-70
100 1# - MAIN ENTRY--PERSONAL NAME
Personal name Carayannis, Elias G,
Relator term author.
245 10 - TITLE STATEMENT
Title Smart Quintuple Helix Innovation Systems :
Remainder of title How Social Ecology and Environmental Protection are Driving Innovation, Sustainable Development and Economic Growth /
Statement of responsibility, etc. by Elias G. Carayannis, David F. J. Campbell.
250 ## - EDITION STATEMENT
Edition statement 1st ed. 2019.
264 #1 - PRODUCTION, PUBLICATION, DISTRIBUTION, MANUFACTURE, AND COPYRIGHT NOTICE
Place of production, publication, distribution, manufacture Cham :
Name of producer, publisher, distributor, manufacturer Imprint: Springer,
-- Imprint: Springer,
Date of production, publication, distribution, manufacture, or copyright notice 2019.
300 ## - PHYSICAL DESCRIPTION
Extent 1 online resource (IX, 67 pages 7 illustrations)
336 ## - CONTENT TYPE
Content type term text
Content type code txt
Source rdacontent
337 ## - MEDIA TYPE
Media type term computer
Media type code c
Source rdamedia
338 ## - CARRIER TYPE
Carrier type term online resource
Carrier type code cr
Source rdacarrier
347 ## - DIGITAL FILE CHARACTERISTICS
File type text file
Encoding format PDF
Source rda
490 1# - SERIES STATEMENT
Series statement SpringerBriefs in Business,
International Standard Serial Number 2191-5482
505 0# - FORMATTED CONTENTS NOTE
Formatted contents note Chapter1. Introduction -- Chapter2. Definition of Key Terms: Knowledge, Knowledge Production, Innovation, Democracy, and Governance -- Chapter3. Mode 1, Mode 2 and Mode 3: Triple Helix and Quadruple Helix -- Chapter4. Sustainable Development, Social Ecology and the Quintuple Helix -- Chapter5. Innovation Systems in Conceptual Evolution: Mode 3 Knowledge Production in Quadruple and Quintuple Helix Innovation Systems -- Chapter6. Conclusion: Smart Quintuple Helix Innovation Systems.-.
520 ## - SUMMARY, ETC.
Summary, etc. This volume examines the relationships among social ecology, innovation, sustainable development and economic growth. Using the principles of Quintuple Helix innovation system, the authors argue that social ecology and environmental management are supporters and drivers of innovation, sustainable development and economic growth. The Quintuple Helix innovation model focuses on the interactions among five key elements of society: academia, industry, government, culture, and the environment--with particular respect to harnessing knowledge to promote social, political, and economic development. The Quintuple Helix is a powerful theoretical and practical lens for analyzing and understanding such critical and complex ecological and socioeconomic issues as global warming and climate change and their implications for sustainability. The authors provide policy approaches and strategies to help create a balance among the often competing forces of environmental protection, innovation, entrepreneurship, and social and economic growth that will successfully benefit society and protect democratic values.
588 ## - SOURCE OF DESCRIPTION NOTE
Source of description note Description based on publisher-supplied MARC data.
650 #0 - SUBJECT ADDED ENTRY--TOPICAL TERM
Topical term or geographic name entry element Environmental management.
650 #0 - SUBJECT ADDED ENTRY--TOPICAL TERM
Topical term or geographic name entry element Industrial management.
650 #0 - SUBJECT ADDED ENTRY--TOPICAL TERM
Topical term or geographic name entry element Industrial management
General subdivision Environmental aspects.
650 #0 - SUBJECT ADDED ENTRY--TOPICAL TERM
Topical term or geographic name entry element Knowledge management.
650 #0 - SUBJECT ADDED ENTRY--TOPICAL TERM
Topical term or geographic name entry element Management.
650 14 - SUBJECT ADDED ENTRY--TOPICAL TERM
Topical term or geographic name entry element Innovation/Technology Management.
Authority record control number or standard number https://scigraph.springernature.com/ontologies/product-market-codes/518000
650 24 - SUBJECT ADDED ENTRY--TOPICAL TERM
Topical term or geographic name entry element Environmental Management.
Authority record control number or standard number https://scigraph.springernature.com/ontologies/product-market-codes/U17009
650 24 - SUBJECT ADDED ENTRY--TOPICAL TERM
Topical term or geographic name entry element Knowledge Management.
Authority record control number or standard number https://scigraph.springernature.com/ontologies/product-market-codes/515030
650 24 - SUBJECT ADDED ENTRY--TOPICAL TERM
Topical term or geographic name entry element Sustainability Management.
Authority record control number or standard number https://scigraph.springernature.com/ontologies/product-market-codes/515040
700 1# - ADDED ENTRY--PERSONAL NAME
Personal name Campbell, David F. J,
Relator term author.
776 08 - ADDITIONAL PHYSICAL FORM ENTRY
Relationship information Print version:
Title Smart quintuple Helix innovation systems : how social ecology and environmental protection are driving innovation, sustainable development and economic growth
International Standard Book Number 9783030015169
Record control number (DLC) 2018956576
776 08 - ADDITIONAL PHYSICAL FORM ENTRY
Relationship information Printed edition:
International Standard Book Number 9783030015169
776 08 - ADDITIONAL PHYSICAL FORM ENTRY
Relationship information Printed edition:
International Standard Book Number 9783030015183
830 #0 - SERIES ADDED ENTRY--UNIFORM TITLE
Uniform title SpringerBriefs in Business,
International Standard Serial Number 2191-5482
906 ## - LOCAL DATA ELEMENT F, LDF (RLIN)
a 0
b ibc
c origres
d u
e ncip
f 20
g y-gencatlg
925 0# -
-- acquire
-- pcnspringer
-- policy default
985 ## -
-- springerpcn
991 ## -
-- s-Online
-- Electronic Resource
Holdings
Withdrawn status Lost status Damaged status Not for loan Home library Current library Shelving location Date acquired Total checkouts Full call number Barcode Date last seen Price effective from Koha item type
        Springfield Springfield General stacks 22/03/2026   658.514 LOC-SPL-00019 22/03/2026 22/03/2026 Books